Vista normal
Vista MARC
Entrada Nombre personal
Número de registros utilizados en: 1
001 - NÚMERO DE CONTROL
- campo de control: 6022
003 - IDENTIFICADOR DE NÚMERO DE CONTROL
- campo de control: OSt
005 - FECHA Y HORA DE LA ÚLTIMA TRANSACCIÓN
- campo de control: 20221005155148.0
008 - ELEMENTOS DE DATO DE LONGITUD-FIJA
- campo de control de longitud fija: 221005|| aca||aabn | a|a d
040 ## - FUENTE DE CATALOGACIÓN
- Centro catalogador/agencia de origen: OSt
- Centro/agencia transcriptor: OSt
100 ## - ENCABEZAMIENTO-NOMBRE DE PERSONA
- Nombre de persona: CONFEDERACION COORDINADORA DE MINUSVALIDOS FISICOS DE LA COMUNIDAD VALENCIANA
670 ## - FUENTE DE DATOS ENCONTRADOS
- Cita de la fuente: Work cat.: (OSt)5787: CONFEDERACION COORDINADORA DE MINUSVALIDOS FISICOS DE LA COMUNIDAD VALENCIANA, Convenio de colaboración entre la Confederación Coordinadora de Minusválidos Físicos de la Comunidad Valenciana COMECEMFE C.V. y la Confederación Sindical del País Valenciano C.S.-CC.OO.-P.V, 1998